<?xml version="1.0" encoding="UTF-8"?><?xml-stylesheet type="text/xsl" href="static/style.xsl"?><OAI-PMH xmlns="http://www.openarchives.org/OAI/2.0/" xmlns:xsi="http://www.w3.org/2001/XMLSchema-instance" xsi:schemaLocation="http://www.openarchives.org/OAI/2.0/ http://www.openarchives.org/OAI/2.0/OAI-PMH.xsd"><responseDate>2026-04-14T04:42:00Z</responseDate><request verb="GetRecord" identifier="oai:www.recercat.cat:20.500.12327/1187" metadataPrefix="marc">https://recercat.cat/oai/request</request><GetRecord><record><header><identifier>oai:recercat.cat:20.500.12327/1187</identifier><datestamp>2025-10-22T11:02:47Z</datestamp><setSpec>com_2072_4428</setSpec><setSpec>com_2072_4427</setSpec><setSpec>col_2072_487898</setSpec></header><metadata><record xmlns="http://www.loc.gov/MARC21/slim" xmlns:dcterms="http://purl.org/dc/terms/" xmlns:xsi="http://www.w3.org/2001/XMLSchema-instance" xmlns:doc="http://www.lyncode.com/xoai" xsi:schemaLocation="http://www.loc.gov/MARC21/slim http://www.loc.gov/standards/marcxml/schema/MARC21slim.xsd">
   <leader>00925njm 22002777a 4500</leader>
   <datafield ind2=" " ind1=" " tag="042">
      <subfield code="a">dc</subfield>
   </datafield>
   <datafield ind2=" " ind1=" " tag="720">
      <subfield code="a">Villaamil, Francisco Javier</subfield>
      <subfield code="e">author</subfield>
   </datafield>
   <datafield ind2=" " ind1=" " tag="720">
      <subfield code="a">Yus, Eduardo</subfield>
      <subfield code="e">author</subfield>
   </datafield>
   <datafield ind2=" " ind1=" " tag="720">
      <subfield code="a">Benavides, Bibiana</subfield>
      <subfield code="e">author</subfield>
   </datafield>
   <datafield ind2=" " ind1=" " tag="720">
      <subfield code="a">Allepuz, Alberto</subfield>
      <subfield code="e">author</subfield>
   </datafield>
   <datafield ind2=" " ind1=" " tag="720">
      <subfield code="a">Moya, Sebatián Jesús</subfield>
      <subfield code="e">author</subfield>
   </datafield>
   <datafield ind2=" " ind1=" " tag="720">
      <subfield code="a">Casal, Jordi</subfield>
      <subfield code="e">author</subfield>
   </datafield>
   <datafield ind2=" " ind1=" " tag="720">
      <subfield code="a">Ortega, Carmelo</subfield>
      <subfield code="e">author</subfield>
   </datafield>
   <datafield ind2=" " ind1=" " tag="720">
      <subfield code="a">Diéguez, Francisco Javier</subfield>
      <subfield code="e">author</subfield>
   </datafield>
   <datafield ind2=" " ind1=" " tag="260">
      <subfield code="c">2021-01-12</subfield>
   </datafield>
   <datafield ind2=" " ind1=" " tag="520">
      <subfield code="a">This study aimed at quantifying expert opinions on the risk factors involved in Mycobacterium avium subsp. paratuberculosis (MAP) infection in dairy cattle herds. For this purpose, potential risk factors associated with the introduction of MAP into dairies were chosen based on a literature review and discussions with researchers and veterinarians. For each factor, a decision tree was developed, and key questions were included in each. Answers to these key questions led to different events within each decision tree. An expert opinion workshop was organized (following the recommendations of the OIE), and ordinal values ranging from 0 to 9 (i.e., a null to very high likelihood of infection) were assigned to each event. The potential risk factors were also incorporated into a structured questionnaire that was responded to by 93 farms where the sanitary status against MAP was known. Thereby, based on the values given by the experts and the information collected in the questionnaires, each farm was assigned a score based on their MAP entry risk. From these scores (contrast variable) and using a ROC curve, the cut-off that best discriminated MAP-positive and -negative farms was estimated. The most important risk factors for the introduction of MAP, according to expert opinions, involved purchase and grazing practices related to animals under six months of age. The scores obtained for each farm, also based on the expert opinions, allowed MAP positive/MAP negative farms to be discriminated with 68.8% sensitivity and 68.7% specificity. These data should be useful for focusing future training initiatives and improving risk-reduction strategies in the dairy industry.</subfield>
   </datafield>
   <datafield ind1="8" ind2=" " tag="024">
      <subfield code="a">Villaamil, Francisco Javier, Eduardo Yus, Bibiana Benavides, Alberto Allepuz, Sebastián Jesús Moya, Jordi Casal, Carmelo Ortega, and Francisco Javier Diéguez. 2021. "Factors Associated With The Introduction Of Mycobacterium Avium Spp. Paratuberculosis (MAP) Into Dairy Herds In Galicia (North-West Spain): The Perception Of Experts". Animals 11 (1): 166. doi:10.3390/ani11010166.</subfield>
   </datafield>
   <datafield ind1="8" ind2=" " tag="024">
      <subfield code="a">2076-2615</subfield>
   </datafield>
   <datafield ind1="8" ind2=" " tag="024">
      <subfield code="a">http://hdl.handle.net/20.500.12327/1187</subfield>
   </datafield>
   <datafield ind1="8" ind2=" " tag="024">
      <subfield code="a">https://doi.org/10.3390/ani11010166</subfield>
   </datafield>
   <datafield ind2="0" ind1="0" tag="245">
      <subfield code="a">Factors Associated with the Introduction of Mycobacterium avium spp. Paratuberculosis (MAP) into Dairy Herds in Galicia (North-West Spain): The Perception of Experts</subfield>
   </datafield>
</record></metadata></record></GetRecord></OAI-PMH>